| 000 | 00719cab a2200253 4500 | ||
|---|---|---|---|
| 001 | WB3342-28 | ||
| 008 | 090401t1997 xxu||||| |||| 00| 0 eng d | ||
| 035 | _a(Sirsi) u81760 | ||
| 041 | _aeng | ||
| 245 | _aPerth boom town | ||
| 260 | _c1997 | ||
| 350 | _a0 | ||
| 490 |
_aHerald _v29 October 1997, 10(2) |
||
| 520 | _aThree new towns could be developed around Perth in Scotland. Surveys show that the area will experience a huge population boom over 15 years. Map. | ||
| 650 | _aHOUSING DEVELOPMENT | ||
| 650 | _aNEW SETTLEMENTS | ||
| 650 | _aNEW TOWNS | ||
| 650 | _aPERTH | ||
| 650 | _aPOPULATION GROWTH | ||
| 650 | _aSCOTLAND | ||
| 690 | _aHOUSING-DEVELOPMENT | ||
| 942 | _n0 | ||
| 948 | _c29/10/1997 | ||
| 999 |
_c51546 _d51546 |
||